Математическое моделирование реакционно-ректификационных процессов на примере синтеза МТБЭ; Химия нефти и газа

書誌詳細
Parent link:Химия нефти и газа.— 2009.— С. 686-688
第一著者: Деньгина О. Е.
その他の著者: Самборская М. А. Марина Анатольевна, Кравцов А. В. Анатолий Васильевич
要約:В настоящее время возрастает важность совмещенных процессов в хим. промышленности. Анализ стабильности, как и качественное управление этими процессами, невозможен без мат. модели. Главная сложность динамич. исследования таких систем, включающих в себя хим. реакцию и массообменный процесс, состоит в нелинейности дифференциальных уравнений мат. модели. Предлагается мат. модель колонны синтеза МТБЭ, которая может быть использована для анализа стабильности процесса.
В фонде НТБ ТПУ отсутствует
言語:ロシア語
出版事項: 2009
主題:
フォーマット: MixedMaterials 図書の章
KOHA link:https://koha.lib.tpu.ru/cgi-bin/koha/opac-detail.pl?biblionumber=595726

MARC

LEADER 00000naa0a2200000 4500
001 595726
005 20250313163557.0
035 |a (RuTPU)RU\TPU\tpu\17408 
035 |a RU\TPU\tpu\17222 
090 |a 595726 
100 |a 20100423d2009 k y0rusy50 ca 
101 0 |a rus 
102 |a RU 
200 1 |a Математическое моделирование реакционно-ректификационных процессов на примере синтеза МТБЭ  |f О. Е. Деньгина, М. А. Самборская, А. В. Кравцов 
330 |a В настоящее время возрастает важность совмещенных процессов в хим. промышленности. Анализ стабильности, как и качественное управление этими процессами, невозможен без мат. модели. Главная сложность динамич. исследования таких систем, включающих в себя хим. реакцию и массообменный процесс, состоит в нелинейности дифференциальных уравнений мат. модели. Предлагается мат. модель колонны синтеза МТБЭ, которая может быть использована для анализа стабильности процесса. 
333 |a В фонде НТБ ТПУ отсутствует 
463 |t Химия нефти и газа  |o материалы VII Международной конференции, Томск, 21-26 сент., 2009 г.  |v С. 686-688  |d 2009 
610 1 |a труды учёных ТПУ 
700 1 |a Деньгина  |b О. Е. 
701 1 |a Самборская  |b М. А.  |c химик-технолог  |c доцент Томского политехнического университета, кандидат химических наук  |f 1960-  |g Марина Анатольевна  |3 (RuTPU)RU\TPU\pers\24967  |9 11121 
701 1 |a Кравцов  |b А. В.  |c химик-технолог  |c профессор-консультант Томского политехнического университета, доктор технических наук  |f 1938-  |g Анатолий Васильевич  |3 (RuTPU)RU\TPU\pers\19827 
801 1 |a RU  |b 63413507  |c 20100225 
801 2 |a RU  |b 63413507  |c 20120503  |g RCR 
942 |c BK